| 000 | 00868nam a2200169Ia 4500 | ||
|---|---|---|---|
| 005 | 20240628065811.0 | ||
| 008 | 240331s9999 xx 000 0 und d | ||
| 082 |
_a082 _bPET |
||
| 245 | 0 | _aDon Peter felicitation volume | |
| 260 |
_aColombo _bDon Peter Felicitation Committee _c1983 |
||
| 300 | _axxxi,245 p., | ||
| 500 | _aThis volume of Learned papers by distinguished scholars in Sri Lanka and abroad is offered to the Rt. Revd Monsignor Dr.W.L.A Don Peter by his pupils of the various institutions where he has served as teacher and rector, by his many friends, by fellow scholars of his acquaintance and by members of the public in appreciation of his services as an educator and educationist, as a scholar and author, as a historian and missiologist. | ||
| 650 | _aEducation | ||
| 700 |
_aCandappa,E.C.T _eedt |
||
| 700 |
_aFernandopulle,M.S.S _eedt |
||
| 942 | _cL | ||
| 999 |
_c654 _d654 |
||